Sporting competitions with the highest average attendance - Statistics

General Stats
  • This quiz has been taken 13 times
  • The average score is 9 of 15
Answer Stats
# Sports type Answer % Correct
271.000 Motor racing Formula One
92%
69.000 American football National Football League
85%
29.000 Baseball Major Baseball League
77%
31.000 Association football 2. Bundesliga
69%
39.000 Association football Bundesliga
69%
61.000 Cricket Indian Premier League
69%
30.000 Association football La Liga
69%
40.000 Association football Premier League
69%
24.000 Association football Brasileiro Serie A
62%
31.000 Association football Serie A
62%
28.000 Association football Ligue 1
54%
23.000 Association football Major League Soccer
54%
38.000 Australian football Australian Football League
38%
31.000 Baseball Nippon Professional Baseball
8%
23.000 Cricket Big Bash League
0%
No matching quizzes found
Score Distribution
Percent of People with Each Score
Percentile by Number Answered
Your Score History
You have not taken this quiz